Los Beatles y la ciencia : de cómo la música, John, Paul, George y Ringo nos ayudan a entender la ciencia /

Guardado en:
Autor Principal: Blanco, Ernesto, 2015.
Formato: Libro
Idioma:Undetermined
Publicado: Buenos Aires : Siglo XXI, 2015.
Edición:1era ed.
Series:Colección ciencia que ladra
Materias:
Etiquetas: Agregar Etiqueta
Sin Etiquetas, Sea el primero en etiquetar este registro!
LEADER 02067nam a22002055a 4500
001 CEM.cems025177
008 260514s2015####ag############000#0#und#d
005 20260514114644.0
245 1 0 |a Los Beatles y la ciencia :  |b de cómo la música, John, Paul, George y Ringo nos ayudan a entender la ciencia /  |c Ernesto Blanco. 
250 |a 1era ed. 
260 |a Buenos Aires :  |b Siglo XXI,  |c 2015. 
300 |a 192 p. ;  |c 20 cm. 
490 1 |a Colección ciencia que ladra 
505 0 |a Los Beatles produjeron una de las mayores revoluciones culturales del siglo XX y seguramente de toda la historia. Nadie puede quedar indiferente a su música, sus letras, sus opiniones y sus locuras, y han sido estudiados desde todo punto de vista: melódico, rítmico, ingenieril, sociológico y hasta psicoanalítico. Pues bien, faltaba algo: ¡la ciencia! Y aquí viene el gran físico y divulgador Ernesto Blanco a reparar ese agujero por donde entra la lluvia contándonos cuánto de ciencia hay en la poesía, los instrumentos, las anécdotas y hasta en los cerebros de los cuatro de Liverpool. El acorde inicial de A Hard Days Night analizado matemáticamente, el torrencial éxito de algunas sencillas composiciones observado bajo la lupa de la neurociencia, las letras de Paul y John discriminadas por indicadores lingüísticos, el aporte de Lucy in the Sky with Diamonds para la antropología explicado en términos simples e ingeniosos, el detalle de las revolucionarias técnicas de grabación surgidas del capricho creativo de John, Paul, George y Ringo, más viajes interplanetarios, física cuántica, bioacústica aplicada a los animales y hasta la recreación ficticia de una conversación entre Paul y Bertrand Russell están presentes en esta gira mágica, misteriosa ¡y científica! All you need is love. Y un poco de ciencia. 
020 |a 9789876295079 
100 1 |a Blanco, Ernesto,  |d 2015. 
653 |a Ciencia 
653 |a Música 
859 |a CEMS  |b BIB. CEMS - Agricultura  |h 782.42  |i B598  |p A4158.26  |t Ej.1 
859 |a CEMS  |b BIB. CEMS - Agricultura  |h 782.42  |i B598  |p A4187.26  |t Ej.2